00000000cam 2200000zi 4500
0019.957547
003CaOODSP
00520260528151328
006m     o  d f      
007cr cn|||||||||
008251121t20252025onca    os   f000 0 eng d
020 |a9780660798592
040 |aCaOODSP|beng|erda|cCaOODSP
043 |an-cn---
045 |ay1y2
0861 |aT94-60/8-2025E-PDF
24500|aHomelessness data snapshot : |ban exploratory analysis of the outflow of shelter users.
264 1|aOttawa, Ontario : |bHousing, Infrastructure and Communities Canada, |c[2025]
264 4|c©2025
300 |a1 online resource (14 unnumbered pages) : |bcolour illustrations
336 |atext|btxt|2rdacontent
337 |acomputer|bc|2rdamedia
338 |aonline resource|bcr|2rdacarrier
500 |aIssued also in French under title: Aperçu des données sur l'itinérance : analyse sur le flux de sortie dans les refuges.
520 |a"This snapshot describes the outflow of emergency shelter users in Canada between 2018-19 and 2023-24. Outflow is the rate at which people exit the shelter system. This analysis can help measure progress in the goal of reducing homelessness and provide insights to better understand flow through the emergency shelter system. The federal government tracks shelter use by measuring the annual number of shelter users, however, this is only one way to look at progress towards ending homelessness. It is important to also measure upstream prevention and downstream outcomes to determine whether the system is effectively reducing homelessness. …"--Introduction, page [1].
650 0|aHomelessness|zCanada|vStatistics.
650 0|aHomeless persons|zCanada|vStatistics.
650 0|aShelters for the homeless|zCanada|vStatistics.
655 7|aStatistics|2lcgft
7101 |aCanada. |bHousing, Infrastructure and Communities Canada, |eissuing body.
77508|tAperçu des données sur l'itinérance : |w(CaOODSP)9.957548
85640|qPDF|s449 KB|uhttps://publications.gc.ca/collections/collection_2026/licc-hicc/T94-60-8-2025-eng.pdf
8564 |qHTML|sN/A|uhttps://housing-infrastructure.canada.ca/homelessness-sans-abri/reports-rapports/outflow-shelter-users-flux-sortie-refuges-eng.html